[Event "12th EUR-ch"]
[Site "Aix-les-Bains FRA"]
[Date "2011.03.23"]
[Round "2.41"]
[White "Safarli, Eltaj"]
[Black "Prie, Eric"]
[Result "1/2-1/2"]
[WhiteElo "2628"]
[BlackElo "2508"]
[EventDate "2011.03.22"]
[PlyCount "98"]

1.e4 d5 2.exd5 Qxd5 3.Nc3 Qa5 4.d4 Nf6 5.Nf3 Bf5 6.Bc4 e6 7.Bd2 Bb4 8.a3 
Bxc3 9.Bxc3 Qb6 10.d5 exd5 11.Bxd5 O-O 12.Bxf6 Re8+ 13.Kf1 gxf6 14.Qd4 
Bxc2 15.Bxf7+ Kxf7 16.Qc4+ Kg7 17.Qxc2 Qb5+ 18.Kg1 Nc6 19.Rd1 Rad8 20.Rxd8
Rxd8 21.h4 Qd3 22.Qc1 Qe2 23.Qf4 Rd1+ 24.Kh2 Rxh1+ 25.Kxh1 Qxb2 26.Qxc7+ 
Kg8 27.Qc8+ Kf7 28.Qf5 Kg7 29.h5 Qc1+ 30.Kh2 Ne7 31.Qg4+ Kf7 32.Qe4 Qc7+ 
33.g3 Kg7 34.Qg4+ Kh8 35.Qe6 Ng8 36.Qe3 b6 37.Nh4 Qc5 38.Qf3 b5 39.Nf5 Ne7
40.Nxe7 Qxe7 41.h6 Qf8 42.Qh5 a6 43.Kg2 Kg8 44.Qd5+ Kh8 45.Qh5 Kg8 46.f4 
Qc8 47.Qd5+ Kf8 48.Qe4 Qd7 49.Qa8+ Kf7 1/2-1/2

[Event "12th EUR-ch"]
[Site "Aix-les-Bains FRA"]
[Date "2011.03.23"]
[Round "2.42"]
[White "Durarbeyli, Vasif"]
[Black "Iordachescu, Viorel"]
[Result "0-1"]
[WhiteElo "2510"]
[BlackElo "2626"]
[EventDate "2011.03.22"]
[PlyCount "142"]

1.e4 e5 2.Nf3 Nc6 3.Bb5 a6 4.Ba4 Nf6 5.O-O Be7 6.Bxc6 dxc6 7.d3 Nd7 8.Be3 
O-O 9.Nc3 Re8 10.Ne2 Bf8 11.Ng3 c5 12.Nd2 g6 13.a4 Nb8 14.Nc4 Nc6 15.Qd2 
Be6 16.b3 b5 17.Na5 Nd4 18.Rfb1 c6 19.Ra2 Bd7 20.Rba1 Qc7 21.Qe1 h5 22.Nf1
Bg7 23.Kh1 f5 24.exf5 gxf5 25.axb5 cxb5 26.b4 Be6 27.Rb2 cxb4 28.Qd1 Bf7 
29.Bxd4 exd4 30.Ng3 Qe5 31.f4 Qxf4 32.Nxh5 Bxh5 33.Qxh5 Re6 34.Qf3 Qxf3 
35.gxf3 Rae8 36.Rg1 Kf7 37.Rxb4 Re2 38.Nc6 Rxc2 39.Nxd4 Rc5 40.Rg5 Kf6 41.
f4 Bh6 42.Rg1 Rec8 43.Ne2 Rc2 44.Ng3 Rc1 45.Rxc1 Rxc1+ 46.Kg2 Rc2+ 47.Kf3 
Bf8 48.Rb1 Bc5 49.Ne2 Rd2 50.d4 Rd3+ 51.Kg2 Ba3 52.Rf1 Rd2 53.Kf3 Rd3+ 54.
Kg2 Bb2 55.Rb1 Rd2 56.Kf3 b4 57.Ke3 Rc2 58.d5 a5 59.d6 Ke6 60.Rd1 Kd7 61.
Nd4 Bxd4+ 62.Kxd4 a4 63.Kd5 b3 64.Rg1 Rd2+ 65.Kc5 Rxd6 66.Rg7+ Ke6 67.Rg6+
Ke7 68.Rxd6 b2 69.Rb6 a3 70.Rb7+ Kf6 71.Rb6+ Kg7 0-1

[Event "12th EUR-ch"]
[Site "Aix-les-Bains FRA"]
[Date "2011.03.23"]
[Round "2.43"]
[White "Lupulescu, Constantin"]
[Black "Bukavshin, Ivan"]
[Result "1-0"]
[WhiteElo "2626"]
[BlackElo "2501"]
[EventDate "2011.03.22"]
[PlyCount "69"]

1.c4 Nf6 2.d4 g6 3.Nc3 d5 4.cxd5 Nxd5 5.e4 Nxc3 6.bxc3 Bg7 7.Be3 c5 8.Qd2 
Qa5 9.Rc1 O-O 10.Nf3 Rd8 11.d5 e6 12.Bg5 f6 13.Be3 Nc6 14.Bd3 exd5 15.exd5
c4 16.Bxc4 Be6 17.Rd1 Ne7 18.dxe6 Rxd2 19.Rxd2 Qxc3 20.Bb3 Qa1+ 21.Bd1 Nf5
22.O-O Qc3 23.Bb3 Kh8 24.Rd7 Re8 25.Bd2 Qb2 26.g4 Ne7 27.Rc1 Nc6 28.Kg2 h5
29.g5 fxg5 30.Rxg7 g4 31.Ng5 Qxg7 32.Bc3 Nd4 33.Rd1 Rd8 34.Rxd4 Rxd4 35.e7
1-0

[Event "12th EUR-ch"]
[Site "Aix-les-Bains FRA"]
[Date "2011.03.23"]
[Round "2.44"]
[White "Martinovic, Sasa"]
[Black "Saric, Ivan"]
[Result "1/2-1/2"]
[WhiteElo "2504"]
[BlackElo "2626"]
[EventDate "2011.03.22"]
[PlyCount "41"]

1.d4 d5 2.c4 c6 3.Nc3 Nf6 4.e3 e6 5.Nf3 Nbd7 6.Qc2 Bd6 7.g4 h6 8.Rg1 e5 9.
cxd5 cxd5 10.h4 e4 11.Nd2 g5 12.Rh1 O-O 13.hxg5 hxg5 14.Bc4 Nb6 15.Ndxe4 
dxe4 16.Nxe4 Nxc4 17.Nxf6+ Kg7 18.Nh5+ Kg8 19.Nf6+ Kg7 20.Nh5+ Kg8 21.Nf6+
1/2-1/2

[Event "12th EUR-ch"]
[Site "Aix-les-Bains FRA"]
[Date "2011.03.23"]
[Round "2.45"]
[White "Vuckovic, Bojan"]
[Black "Flear, Glenn Curtis"]
[Result "1-0"]
[WhiteElo "2626"]
[BlackElo "2498"]
[EventDate "2011.03.22"]
[PlyCount "81"]

1.d4 d5 2.c4 c6 3.Nf3 Nf6 4.Nc3 e6 5.Bg5 Nbd7 6.e3 Qa5 7.cxd5 Nxd5 8.Qd2 
N7b6 9.Bd3 Nxc3 10.bxc3 Nd5 11.O-O Qxc3 12.Qe2 Bd6 13.Nd2 Qa5 14.Nc4 Qc7 
15.Nxd6+ Qxd6 16.Bh4 O-O 17.Rac1 b6 18.Bg3 Qd7 19.Rfd1 Bb7 20.e4 Ne7 21.
Bc4 Kh8 22.h4 f5 23.h5 f4 24.Bh4 f3 25.gxf3 Ng8 26.Bg3 Qe8 27.Kg2 Rd8 28.
Qe3 h6 29.Rh1 Qf7 30.Be5 Nf6 31.Rh3 Kh7 32.Rch1 Nd7 33.Bd6 Rfe8 34.Rg3 c5 
35.dxc5 Nxc5 36.Be5 Rg8 37.Rg6 Rde8 38.Rh3 Nd7 39.Bxg7 Qxg7 40.Rxg7+ Rxg7+
41.Rg3 1-0

[Event "12th EUR-ch"]
[Site "Aix-les-Bains FRA"]
[Date "2011.03.23"]
[Round "2.46"]
[White "Gallagher, Joseph"]
[Black "Matlakov, Maxim"]
[Result "1/2-1/2"]
[WhiteElo "2500"]
[BlackElo "2625"]
[EventDate "2011.03.22"]
[PlyCount "60"]

1.e4 c5 2.Nf3 e6 3.d4 cxd4 4.Nxd4 Nc6 5.Nc3 Qc7 6.f4 a6 7.Nxc6 Qxc6 8.Bd3 
b5 9.Qe2 Bb7 10.Bd2 Be7 11.a3 Rc8 12.O-O Nf6 13.Kh1 O-O 14.Rf3 d5 15.exd5 
Nxd5 16.Nxd5 Qxd5 17.Re3 Qd4 18.c3 Qf6 19.a4 Rfd8 20.axb5 axb5 21.Rh3 g6 
22.Bxb5 Qf5 23.Rd3 Bd6 24.Rd4 e5 25.Bd3 Qh5 26.Qxh5 gxh5 27.fxe5 Bxe5 28.
Be3 Bxd4 29.Bxd4 Re8 30.Kg1 Be4 1/2-1/2

[Event "12th EUR-ch"]
[Site "Aix-les-Bains FRA"]
[Date "2011.03.23"]
[Round "2.47"]
[White "Romanov, Evgeny"]
[Black "Djukic, Nikola"]
[Result "1/2-1/2"]
[WhiteElo "2624"]
[BlackElo "2494"]
[EventDate "2011.03.22"]
[PlyCount "91"]

1.d4 Nf6 2.c4 e6 3.Nf3 b6 4.g3 Ba6 5.Qa4 Bb7 6.Bg2 c5 7.dxc5 Bxc5 8.O-O 
O-O 9.Nc3 Be7 10.Rd1 Na6 11.Be3 Qc8 12.Rac1 Nc5 13.Qc2 Nce4 14.Bd4 Nxc3 
15.Qxc3 Be4 16.Bf1 d6 17.Qe3 Qb7 18.b4 Rac8 19.Nd2 Ra8 20.Nf3 Rac8 21.Nd2 
Bf5 22.Bg2 Qd7 23.Qb3 e5 24.Be3 Bh3 25.Bg5 Bxg2 26.Kxg2 d5 27.Bxf6 dxc4 
28.Nxc4 Qc6+ 29.f3 Qxf6 30.Ne3 Rxc1 31.Rxc1 Qh6 32.Rc4 Qe6 33.Qc2 Bg5 34.
Rc6 Qd7 35.Nf5 g6 36.h4 Qxf5 37.Qxf5 gxf5 38.hxg5 Rd8 39.Kf2 Rd2 40.a3 Ra2
41.Rc3 f4 42.gxf4 exf4 43.Rc4 Rxa3 44.Rxf4 Kg7 45.Rd4 h6 46.gxh6+ 1/2-1/2

[Event "12th EUR-ch"]
[Site "Aix-les-Bains FRA"]
[Date "2011.03.23"]
[Round "2.48"]
[White "Stern, Rene"]
[Black "L'Ami, Erwin"]
[Result "0-1"]
[WhiteElo "2497"]
[BlackElo "2623"]
[EventDate "2011.03.22"]
[PlyCount "74"]

1.d4 Nf6 2.c4 g6 3.Nc3 d5 4.Nf3 Bg7 5.e3 O-O 6.Bd2 c6 7.h3 Ne4 8.Rc1 Nxd2 
9.Qxd2 e6 10.Bd3 Nd7 11.O-O a6 12.cxd5 exd5 13.Na4 Re8 14.Qc2 Bf8 15.a3 
Bd6 16.Rfe1 Nf8 17.Nc5 Ne6 18.b4 Qf6 19.Qd1 Ng5 20.Nxg5 Qxg5 21.Qf3 Qh4 
22.Rcd1 a5 23.e4 axb4 24.exd5 Rxe1+ 25.Rxe1 Qxd4 26.Re8+ Kg7 27.Ne4 Be5 
28.Re7 Bf5 29.g4 Bf6 30.Rxb7 bxa3 31.gxf5 a2 32.fxg6 a1=Q+ 33.Kg2 hxg6 34.
dxc6 Ra3 35.Ng5 Qxd3 36.Ne6+ Kh6 37.Qf4+ g5 0-1

[Event "12th EUR-ch"]
[Site "Aix-les-Bains FRA"]
[Date "2011.03.23"]
[Round "2.49"]
[White "Lenic, Luka"]
[Black "Dubov, Daniil"]
[Result "0-1"]
[WhiteElo "2623"]
[BlackElo "2489"]
[EventDate "2011.03.22"]
[PlyCount "62"]

1.c4 c6 2.e4 d5 3.exd5 cxd5 4.d4 Nf6 5.Nc3 g6 6.cxd5 Nxd5 7.Bc4 Nb6 8.Bb3 
Bg7 9.Nf3 O-O 10.d5 Na6 11.Be3 Bg4 12.O-O Rc8 13.h3 Bxf3 14.Qxf3 Nc5 15.
Rfd1 Qd7 16.Qe2 Rfe8 17.Bd4 Bxd4 18.Rxd4 Qf5 19.Qe3 Nbd7 20.Re1 Nxb3 21.
axb3 Nf6 22.Rd2 a6 23.Qd4 Rcd8 24.Re5 Qd7 25.Qe3 Qd6 26.Rd4 e6 27.Qf4 Kg7 
28.Ne4 Nxe4 29.Qxe4 f6 30.dxe6 Qxe5 31.Qxb7+ Kh8 0-1

[Event "12th EUR-ch"]
[Site "Aix-les-Bains FRA"]
[Date "2011.03.23"]
[Round "2.50"]
[White "Lobzhanidze, Davit"]
[Black "Volkov, Sergey"]
[Result "1-0"]
[WhiteElo "2489"]
[BlackElo "2621"]
[EventDate "2011.03.22"]
[PlyCount "86"]

1.e4 e6 2.d3 d5 3.Qe2 Nf6 4.Nf3 Be7 5.g3 b5 6.Bg2 c5 7.O-O Nc6 8.Re1 Bb7 
9.e5 Nd7 10.h4 h6 11.h5 a5 12.a4 b4 13.c4 bxc3 14.bxc3 Nb6 15.Bf4 c4 16.d4
Na7 17.Qd1 Bc6 18.Re2 Qd7 19.Rea2 Kd8 20.Nh2 Kc7 21.Bf3 Rhb8 22.Nd2 Nxa4 
23.Rxa4 Bxa4 24.Rxa4 Nb5 25.Qa1 Nxc3 26.Rxa5 Na4 27.Rxd5 Qe8 28.Rd6 c3 29.
Bxa8 Rxa8 30.Ne4 Bxd6 31.exd6+ Kd8 32.Nxc3 Nb6 33.Qb1 Qc6 34.Qh7 Ra3 35.
Ne4 Nd5 36.Qg8+ Qe8 37.Qxg7 Ra1+ 38.Nf1 Qb5 39.Qh8+ Qe8 40.Qxh6 Nxf4 41.
Qxf4 Qb5 42.Qg5+ Qxg5 43.Nxg5 f6 1-0

[Event "12th EUR-ch"]
[Site "Aix-les-Bains FRA"]
[Date "2011.03.23"]
[Round "2.52"]
[White "Can, Emre"]
[Black "Macieja, Bartlomiej"]
[Result "0-1"]
[WhiteElo "2487"]
[BlackElo "2619"]
[EventDate "2011.03.22"]
[PlyCount "80"]

1.e4 c6 2.Ne2 d5 3.e5 c5 4.d4 Nc6 5.c3 a6 6.Be3 Nh6 7.Ng3 Nf5 8.Nxf5 Bxf5 
9.Bd3 Bxd3 10.Qxd3 Qb6 11.Qe2 Qb5 12.Qd2 e6 13.Na3 Qb6 14.Nc2 cxd4 15.cxd4
Qxb2 16.O-O Qb6 17.f4 Be7 18.g4 Na5 19.f5 Rc8 20.f6 gxf6 21.exf6 Bd6 22.
Rab1 Qc6 23.Rf2 Nc4 24.Qe2 Rg8 25.Kh1 Nxe3 26.Nxe3 Rg6 27.Qd1 b5 28.Qf3 
Qb6 29.Re1 Kd8 30.Nf5 exf5 31.Qxf5 Rc4 32.Re7 Rc1+ 33.Kg2 Qc6 34.Rxf7 Qc8 
35.h3 Qxf5 36.Rxf5 Rc2+ 37.Kg1 Rc7 38.Rxc7 Kxc7 39.Kf2 Kd7 40.f7 Bf8 0-1

[Event "12th EUR-ch"]
[Site "Aix-les-Bains FRA"]
[Date "2011.03.23"]
[Round "2.53"]
[White "Ivanisevic, Ivan"]
[Black "Wells, Peter"]
[Result "1/2-1/2"]
[WhiteElo "2617"]
[BlackElo "2487"]
[EventDate "2011.03.22"]
[PlyCount "57"]

1.d4 Nf6 2.c4 e6 3.Nc3 Bb4 4.e3 O-O 5.Ne2 d5 6.a3 Be7 7.cxd5 Nxd5 8.Bd2 
Nd7 9.Qc2 N5f6 10.g3 c5 11.Bg2 cxd4 12.exd4 Nb6 13.O-O Nbd5 14.Nf4 Nxc3 
15.Bxc3 Bd6 16.Nd3 Rb8 17.Ne5 Nd5 18.Rfd1 Bd7 19.Be4 Nf6 20.d5 Bxe5 21.
Bxe5 Rc8 22.Bc3 exd5 23.Bxd5 Nxd5 24.Rxd5 Qe7 25.Qd3 Be6 26.Qd4 Rxc3 27.
bxc3 Bxd5 28.Qxd5 Rd8 29.Qf3 1/2-1/2

[Event "12th EUR-ch"]
[Site "Aix-les-Bains FRA"]
[Date "2011.03.23"]
[Round "2.54"]
[White "Paichadze, Luka"]
[Black "Savchenko, Boris"]
[Result "0-1"]
[WhiteElo "2487"]
[BlackElo "2616"]
[EventDate "2011.03.22"]
[PlyCount "80"]

1.e4 c5 2.b3 h5 3.Bb2 Nc6 4.Nf3 d5 5.exd5 Qxd5 6.Nc3 Qd8 7.Bb5 Rh6 8.O-O 
a6 9.Bxc6+ Rxc6 10.Ne5 Rh6 11.Ne4 f6 12.Nc4 h4 13.Re1 e5 14.f4 b5 15.fxe5 
bxc4 16.exf6 Kf7 17.fxg7 Bxg7 18.Qf3+ Kg6 19.Nd6 Qxd6 20.Bxg7 Kxg7 21.Qxa8
h3 22.Qe4 Re6 23.Qxc4 Qxd2 24.Qf1 Rg6 25.Qf3 Rxg2+ 26.Kf1 Rg4 27.Re4 Qg2+ 
28.Qxg2 hxg2+ 29.Kf2 Rxe4 30.Rg1 Nf6 31.Rxg2+ Rg4 32.Rxg4+ Bxg4 33.Ke3 Bf5
34.c3 Nd5+ 35.Kd2 Kf6 36.a3 Ke5 37.c4 Nf4 38.b4 Kd4 39.b5 axb5 40.cxb5 c4 
0-1

[Event "12th EUR-ch"]
[Site "Aix-les-Bains FRA"]
[Date "2011.03.23"]
[Round "2.55"]
[White "Azarov, Sergei"]
[Black "Berescu, Alin-Mile"]
[Result "1-0"]
[WhiteElo "2615"]
[BlackElo "2481"]
[EventDate "2011.03.22"]
[PlyCount "65"]

1.e4 e6 2.d4 d5 3.Nd2 Nf6 4.e5 Nfd7 5.Bd3 c5 6.c3 Nc6 7.Ne2 cxd4 8.cxd4 f6
9.exf6 Nxf6 10.Nf3 Bd6 11.O-O Qc7 12.Nc3 a6 13.Be3 O-O 14.Rc1 g6 15.h3 Nh5
16.Re1 Qg7 17.Na4 e5 18.dxe5 Nxe5 19.Be2 Be6 20.Ng5 Bf7 21.Nb6 Rad8 22.
Nxf7 Nxf7 23.Nxd5 Bb4 24.Rf1 Qe5 25.Bc4 b5 26.Bb3 Bd6 27.f4 Qxb2 28.Bd4 
Qa3 29.f5 Be5 30.Bc5 Qa5 31.fxg6 hxg6 32.Qg4 Kg7 33.Bb4 1-0

[Event "12th EUR-ch"]
[Site "Aix-les-Bains FRA"]
[Date "2011.03.23"]
[Round "2.56"]
[White "Libiszewski, Fabien"]
[Black "Ragger, Markus"]
[Result "0-1"]
[WhiteElo "2481"]
[BlackElo "2614"]
[EventDate "2011.03.22"]
[PlyCount "48"]

1.e4 e5 2.Nf3 Nc6 3.Bb5 a6 4.Bxc6 dxc6 5.O-O f6 6.d4 Bg4 7.c3 Qe7 8.Qd3 
O-O-O 9.Nbd2 Nh6 10.b4 Nf7 11.a4 exd4 12.Nxd4 Ne5 13.Qe3 Qf7 14.b5 c5 15.
bxa6 bxa6 16.N4f3 Nd3 17.Ba3 Bd6 18.e5 Bxe5 19.Nxe5 Nxe5 20.Ne4 Rhe8 21.f3
Bf5 22.Nxc5 Nd3 23.Ne4 Bxe4 24.fxe4 Qe6 0-1

[Event "12th EUR-ch"]
[Site "Aix-les-Bains FRA"]
[Date "2011.03.23"]
[Round "2.57"]
[White "Popov, Ivan"]
[Black "Wirig, Anthony"]
[Result "0-1"]
[WhiteElo "2613"]
[BlackElo "2480"]
[EventDate "2011.03.22"]
[PlyCount "108"]

1.e4 e6 2.Nc3 d5 3.Nf3 Nf6 4.e5 Nfd7 5.d4 c5 6.dxc5 Bxc5 7.Bd3 Be7 8.Bf4 
Nc6 9.Qd2 a6 10.O-O h6 11.Rfe1 g5 12.Be3 Qc7 13.Nd4 Ndxe5 14.Be2 Bd7 15.
Kh1 O-O-O 16.a3 Nxd4 17.Bxd4 f6 18.Qe3 Nc4 19.Bxc4 Qxc4 20.b3 Qc6 21.Na4 
e5 22.Ba7 b5 23.Nb2 Be6 24.a4 b4 25.a5 d4 26.Qe2 Kb7 27.Bb6 Rd7 28.Nd3 Bd5
29.f3 Rc8 30.Rac1 h5 31.Qf2 h4 32.Kg1 Bd6 33.h3 Qc3 34.Qe2 Qc6 35.Nf2 Bc5 
36.Bxc5 Qxc5 37.Ne4 Bxe4 38.Qxe4+ Rc6 39.Kh1 Qxa5 40.Ra1 Qd5 41.Qd3 a5 42.
Ra4 Kb6 43.Rea1 Ra7 44.Qg6 Qd6 45.R4a2 Rc8 46.Qf5 Rc3 47.Qg6 d3 48.cxd3 
Rac7 49.Rd1 Rc1 50.Ra1 Rxa1 51.Rxa1 Rc3 52.Qe4 Rxb3 53.Qa8 Ra3 54.Rc1 Rxd3
0-1

[Event "12th EUR-ch"]
[Site "Aix-les-Bains FRA"]
[Date "2011.03.23"]
[Round "2.58"]
[White "Brunner, Nicolas"]
[Black "Stevic, Hrvoje"]
[Result "0-1"]
[WhiteElo "2478"]
[BlackElo "2611"]
[EventDate "2011.03.22"]
[PlyCount "150"]

1.d4 d5 2.c4 dxc4 3.Nf3 Nf6 4.e3 Bg4 5.Bxc4 e6 6.h3 Bh5 7.Nc3 a6 8.O-O Nc6
9.Be2 Bd6 10.b3 Qe7 11.Bb2 Rd8 12.Nd2 Bxe2 13.Qxe2 O-O 14.Nc4 b5 15.Nxd6 
cxd6 16.Rac1 Qb7 17.Qf3 d5 18.Rfd1 Rc8 19.Ne2 Nb4 20.Ba3 Nxa2 21.Ra1 b4 
22.Rxa2 bxa3 23.Rxa3 Rc2 24.Rda1 Ne4 25.Rxa6 Nd2 26.Qg4 Nxb3 27.Ra7 Qb8 
28.R1a3 Nd2 29.Ra1 Rb2 30.Ng3 Rb1+ 31.Rxb1 Qxb1+ 32.Kh2 Nf1+ 33.Nxf1 Qb8+ 
34.Ng3 Qxa7 35.Nh5 Qc7+ 36.g3 f5 37.Qe2 g5 38.Kg2 Qf7 39.Kg1 Qg6 40.Kh2 h6
41.Qd1 Kh7 42.Qe2 Qf7 43.Kg2 Kg6 44.g4 Kh7 45.Qc2 Kh8 46.Qe2 Qh7 47.Qc2 
fxg4 48.Qxh7+ Kxh7 49.hxg4 Kg6 50.Ng3 Kf6 51.Nh5+ Ke7 52.Ng3 Kd6 53.Ne2 
Kc6 54.Ng1 Kb5 55.Kf1 Kc4 56.Ke2 h5 57.Nf3 hxg4 58.Ne5+ Kc3 59.Nxg4 Rg8 
60.Nf6 Rg6 61.Ng4 Rg7 62.Kf3 Kd2 63.Ne5 Ke1 64.Kg3 Ke2 65.Nf3 Rf7 66.Ng1+ 
Kf1 67.Nf3 Rf5 68.Nh2+ Ke2 69.Ng4 Rf8 70.Kg2 Ra8 71.Ne5 Ra1 72.Nf3 Rf1 73.
Ng1+ Rxg1+ 74.Kxg1 Kf3 75.Kf1 g4 0-1

[Event "12th EUR-ch"]
[Site "Aix-les-Bains FRA"]
[Date "2011.03.23"]
[Round "2.59"]
[White "Bagirov, Rufat"]
[Black "Grigoryan, Avetik"]
[Result "0-1"]
[WhiteElo "2476"]
[BlackElo "2608"]
[EventDate "2011.03.22"]
[PlyCount "60"]

1.d4 d5 2.Bg5 f6 3.Bh4 Nh6 4.f3 Nc6 5.e3 e5 6.Bb5 a6 7.Bxc6+ bxc6 8.Ne2 
Nf5 9.Bf2 Rb8 10.b3 Bb4+ 11.c3 Bd6 12.e4 Ne7 13.O-O O-O 14.Qd3 Qe8 15.Nd2 
Qg6 16.dxe5 fxe5 17.c4 Bb4 18.cxd5 cxd5 19.Rac1 a5 20.Qc2 Ba6 21.Rfe1 dxe4
22.fxe4 Qh6 23.Nf3 Bxe1 24.Rxe1 Bxe2 25.Rxe2 Ng6 26.Qxc7 Rbc8 27.Qxa5 Nf4 
28.Rd2 Rc1+ 29.Be1 Rxe1+ 30.Nxe1 Nh3+ 0-1

[Event "12th EUR-ch"]
[Site "Aix-les-Bains FRA"]
[Date "2011.03.23"]
[Round "2.60"]
[White "Zakhartsov, Viacheslav"]
[Black "Levin, Evgeny"]
[Result "1-0"]
[WhiteElo "2608"]
[BlackElo "2472"]
[EventDate "2011.03.22"]
[PlyCount "85"]

1.Nf3 Nf6 2.c4 g6 3.Nc3 Bg7 4.e4 d6 5.d4 O-O 6.Be2 e5 7.O-O Nbd7 8.Be3 Re8
9.d5 Nh5 10.g3 Bf8 11.Ne1 Ng7 12.Nd3 f5 13.f3 Be7 14.Qd2 Nf6 15.Bh6 fxe4 
16.fxe4 Bh3 17.Rxf6 Bxf6 18.g4 Bh4 19.Qe3 Bxg4 20.Bxg4 Rf8 21.Kh1 Qe7 22.
Rg1 Kh8 23.c5 Rf7 24.Qh3 Raf8 25.Be2 Kg8 26.Rg4 Bf6 27.Be3 a6 28.b4 Qd7 
29.Qh6 Ne8 30.Rg3 Bg7 31.Qh3 Qxh3 32.Rxh3 Nf6 33.Kg2 h5 34.a4 Kh7 35.a5 
Bh6 36.Bxh6 Kxh6 37.Rf3 Nd7 38.Rxf7 Rxf7 39.c6 bxc6 40.dxc6 Nb8 41.b5 axb5
42.Nb4 Kg5 43.Ncd5 1-0

[Event "12th EUR-ch"]
[Site "Aix-les-Bains FRA"]
[Date "2011.03.23"]
[Round "2.61"]
[White "Potapov, Pavel"]
[Black "Hammer, Jon Ludvig"]
[Result "1/2-1/2"]
[WhiteElo "2474"]
[BlackElo "2606"]
[EventDate "2011.03.22"]
[PlyCount "115"]

1.e4 c5 2.c3 d5 3.exd5 Qxd5 4.d4 e6 5.Nf3 Nf6 6.Bd3 Be7 7.O-O O-O 8.c4 Qd7
9.dxc5 Rd8 10.Bc2 Qxd1 11.Rxd1 Rxd1+ 12.Bxd1 Nbd7 13.c6 bxc6 14.Nc3 Bb7 
15.b3 c5 16.Bf4 Ne4 17.Nxe4 Bxe4 18.Be2 f6 19.Rd1 Bc6 20.Ne1 Nf8 21.Bd6 
Kf7 22.Bxe7 Kxe7 23.Nd3 Nd7 24.f3 a5 25.Kf2 a4 26.h4 axb3 27.axb3 Ra3 28.
Rb1 Kd6 29.Rd1 Ke7 30.Rb1 e5 31.b4 cxb4 32.Nxb4 Ba4 33.Nd5+ Kd6 34.h5 f5 
35.g3 e4 36.Ne3 g6 37.f4 Nc5 38.Rb6+ Bc6 39.Nc2 Ra6 40.Rb2 Kc7 41.Ke3 gxh5
42.Bxh5 Bd7 43.Bf7 Nd3 44.Rb1 Rf6 45.Bh5 Rh6 46.Be2 Rh3 47.Rg1 Nc5 48.Nd4 
h5 49.Kf2 h4 50.gxh4 Rxh4 51.Rg5 Rh3 52.Nxf5 Nd3+ 53.Bxd3 exd3 54.Ng3 d2 
55.Rd5 Rh2+ 56.Ke3 Rh3 57.Kf2 Rh2+ 58.Ke3 1/2-1/2

[Event "12th EUR-ch"]
[Site "Aix-les-Bains FRA"]
[Date "2011.03.23"]
[Round "2.62"]
[White "Bellaiche, Anthony"]
[Black "Chatalbashev, Boris"]
[Result "1-0"]
[WhiteElo "2472"]
[BlackElo "2602"]
[EventDate "2011.03.22"]
[PlyCount "109"]

1.e4 d6 2.d4 Nf6 3.Nc3 g6 4.Be3 Bg7 5.Qd2 O-O 6.O-O-O c6 7.f3 b5 8.Kb1 
Nbd7 9.h4 Nb6 10.Bd3 h5 11.Bh6 e5 12.dxe5 dxe5 13.Bxg7 Kxg7 14.Nce2 Qe7 
15.Ng3 Nfd7 16.N1e2 Nc5 17.Qe3 Rb8 18.Ka1 a5 19.f4 Bg4 20.f5 Nbd7 21.Rdf1 
a4 22.Nc1 a3 23.b3 Qd6 24.Be2 Qd4+ 25.Qxd4 exd4 26.Bxg4 hxg4 27.Rd1 Rbe8 
28.Rxd4 Nf6 29.fxg6 fxg6 30.Re1 Nd5 31.e5 Nf4 32.b4 Nce6 33.Rd7+ Kh6 34.
Ne4 Rd8 35.Rxd8 Rxd8 36.g3 Ng2 37.Re2 Rd1 38.Kb1 Rg1 39.Nf6 Ne1 40.Nxg4+ 
Kg7 41.Re3 Nd4 42.Rxa3 Nef3 43.Rd3 Rxg3 44.Nh2 Rh3 45.Nxf3 Nxf3 46.Kb2 Ng1
47.Rxh3 Nxh3 48.Ne2 Kf7 49.Nd4 Nf4 50.Nxc6 Ke6 51.a4 bxa4 52.Ka3 Kd5 53.b5
Kc5 54.Kxa4 Kb6 55.Ne7 1-0

[Event "12th EUR-ch"]
[Site "Aix-les-Bains FRA"]
[Date "2011.03.23"]
[Round "2.63"]
[White "Balogh, Csaba"]
[Black "Michalik, Peter"]
[Result "1/2-1/2"]
[WhiteElo "2601"]
[BlackElo "2471"]
[EventDate "2011.03.22"]
[PlyCount "126"]

1.e4 c6 2.d4 d5 3.e5 Bf5 4.Nf3 e6 5.Be2 c5 6.Be3 Qb6 7.Nc3 Nc6 8.O-O Qxb2 
9.Qe1 c4 10.Rb1 Qxc2 11.Rxb7 Rb8 12.Rxb8+ Nxb8 13.Qa1 Bb4 14.Rb1 Bxc3 15.
Rxb8+ Kd7 16.Qc1 Kc7 17.Ra8 Kb7 18.Rf8 Qxc1+ 19.Bxc1 Bg6 20.a3 f6 21.Bf4 
Bh5 22.Rb8+ Ka6 23.exf6 gxf6 24.Be3 h6 25.Kf1 Ba5 26.Nh4 Bf7 27.f4 f5 28.
Nf3 Bc7 29.Rf8 Rh7 30.Ne5 Bxe5 31.fxe5 Ne7 32.Ke1 f4 33.Bf2 Rg7 34.Rd8 Nf5
35.Rd7 Bg6 36.Rxg7 Nxg7 37.g4 fxg3 38.hxg3 Kb5 39.Kd2 Ka4 40.Kc3 Kxa3 41.
g4 h5 42.Be3 hxg4 43.Bxg4 Bf5 44.Bh6 Ne8 45.Bf8+ Ka4 46.Bd1+ Kb5 47.Bh5 
Nc7 48.Bd6 Kb6 49.Bxc7+ Kxc7 50.Be8 a5 51.Bh5 Kd8 52.Bf7 Ke7 53.Bh5 Kf8 
54.Kb2 Kg7 55.Kc3 Kh6 56.Be8 Kg5 57.Bd7 Kf4 58.Ba4 Ke3 59.Be8 Ke2 60.Ba4 
Ke1 61.Bb5 Kd1 62.Bd7 Kc1 63.Bxe6 Bxe6 1/2-1/2

[Event "12th EUR-ch"]
[Site "Aix-les-Bains FRA"]
[Date "2011.03.23"]
[Round "2.64"]
[White "Goganov, Aleksey"]
[Black "Kulaots, Kaido"]
[Result "1/2-1/2"]
[WhiteElo "2469"]
[BlackElo "2601"]
[EventDate "2011.03.22"]
[PlyCount "51"]

1.d4 d5 2.c4 c6 3.Nc3 Nf6 4.e3 g6 5.Nf3 Bg7 6.h3 O-O 7.Be2 b6 8.O-O Ba6 9.
cxd5 Bxe2 10.Qxe2 cxd5 11.Ne5 Nfd7 12.Nd3 Nf6 13.Ne5 Nfd7 14.Nd3 Nf6 15.b3
Nc6 16.Bb2 Qd7 17.Ne5 Qb7 18.Qb5 Rfc8 19.Nxc6 Qxc6 20.Qa6 Ne8 21.Nb5 Nc7 
22.Nxc7 Qxc7 23.Rfc1 Qd7 24.a4 Bf6 25.b4 Qf5 26.Qe2 1/2-1/2

[Event "12th EUR-ch"]
[Site "Aix-les-Bains FRA"]
[Date "2011.03.23"]
[Round "2.65"]
[White "Reinderman, Dimitri"]
[Black "Beikert, Gunther"]
[Result "1-0"]
[WhiteElo "2601"]
[BlackElo "2465"]
[EventDate "2011.03.22"]
[PlyCount "91"]

1.c4 c6 2.Nf3 d5 3.g3 g6 4.Bg2 Bg7 5.O-O Nf6 6.b3 O-O 7.Bb2 a5 8.d3 b5 9.
Nbd2 Qb6 10.Qc2 Na6 11.Rac1 c5 12.Ne5 Rd8 13.cxb5 Qxb5 14.a4 Qb7 15.Bc3 
Qc7 16.Qb2 Rb8 17.d4 Nd7 18.Nef3 Qb6 19.Rfd1 cxd4 20.Bxd4 Bxd4 21.Qxd4 
Qxd4 22.Nxd4 Nb4 23.Nc6 Nxc6 24.Rxc6 Bb7 25.Rc7 Kf8 26.e4 Nb6 27.Rdc1 dxe4
28.Nxe4 Bd5 29.Nc5 Bxg2 30.Kxg2 Ke8 31.Nb7 Nd5 32.Nxd8 Nxc7 33.Nc6 Rb6 34.
Nxa5 Nd5 35.Kf3 Kd7 36.Ke4 Nf6+ 37.Kd4 Ng4 38.f4 Nxh2 39.Kc5 Re6 40.Nc4 
Ng4 41.a5 Kc7 42.Kb5 Rc6 43.a6 Nf2 44.a7 Nd3 45.a8=Q Rc5+ 46.Ka4 1-0

[Event "12th EUR-ch"]
[Site "Aix-les-Bains FRA"]
[Date "2011.03.23"]
[Round "2.66"]
[White "Bok, Benjamin"]
[Black "Edouard, Romain"]
[Result "1/2-1/2"]
[WhiteElo "2463"]
[BlackElo "2600"]
[EventDate "2011.03.22"]
[PlyCount "118"]

1.e4 c5 2.Nf3 Nc6 3.Bb5 e6 4.O-O Nge7 5.Nc3 Qb6 6.b3 Nd4 7.Bd3 Nec6 8.Bb2 
Be7 9.Nxd4 Nxd4 10.Ne2 Nxe2+ 11.Qxe2 O-O 12.Kh1 Qd8 13.Rae1 d6 14.f4 Bh4 
15.Rd1 d5 16.exd5 exd5 17.Qe5 Qf6 18.Qh5 Qh6 19.Qxh6 gxh6 20.g3 Bd8 21.
Rfe1 Bd7 22.Be2 Bc6 23.Bf3 Rc8 24.Be5 d4 25.Kg2 Bxf3+ 26.Kxf3 Rc6 27.f5 b5
28.c3 Bb6 29.cxd4 cxd4 30.Re4 f6 31.Bxd4 Rd8 32.Bxb6 axb6 33.Re6 Rc5 34.g4
h5 35.Rxf6 hxg4+ 36.Kxg4 Kg7 37.Rxb6 Rd4+ 38.Kf3 Rxf5+ 39.Ke3 Rd7 40.Rg1+ 
Kf7 41.Rg4 Re5+ 42.Re4 Rxe4+ 43.Kxe4 Rxd2 44.Rxb5 Rxa2 45.Rh5 Kg6 46.Rh3 
h5 47.Rg3+ Kf6 48.h3 h4 49.Re3 Kg5 50.Kd5 Rd2+ 51.Kc4 Kf4 52.Rc3 Rd8 53.b4
Rc8+ 54.Kb3 Rxc3+ 55.Kxc3 Kg3 56.b5 Kxh3 57.b6 Kg2 58.b7 h3 59.b8=Q h2 
1/2-1/2

[Event "12th EUR-ch"]
[Site "Aix-les-Bains FRA"]
[Date "2011.03.23"]
[Round "2.67"]
[White "Melia, Salome"]
[Black "Parligras, Mircea-Emilian"]
[Result "0-1"]
[WhiteElo "2462"]
[BlackElo "2598"]
[EventDate "2011.03.22"]
[PlyCount "128"]

1.e4 c5 2.Nf3 d6 3.d4 cxd4 4.Nxd4 Nf6 5.Nc3 a6 6.Bg5 Nbd7 7.Qe2 b5 8.O-O-O
Bb7 9.Nd5 Nxd5 10.exd5 Bxd5 11.Nxb5 axb5 12.Rxd5 Rxa2 13.Qxb5 h6 14.Bc4 
Ra1+ 15.Kd2 Rxh1 16.Rxd6 hxg5 17.Bxf7+ Kxf7 18.Qf5+ Nf6 19.Rxd8 e6 20.Qd3 
R8xh2 21.Qf3 Be7 22.Rd4 Rg1 23.Rg4 Kg8 24.Qa8+ Kf7 25.Qf3 Kg6 26.Rg3 Bd6 
27.Rh3 Rhxg2 28.Ke2 Bc5 29.Qd3+ Kf7 30.Rf3 g4 31.Rxf6+ gxf6 32.Qh7+ Kf8 
33.Qh8+ Ke7 34.Qg7+ Ke8 35.Qg6+ Kd7 36.Qh7+ Kd6 37.Qd3+ Kc7 38.Qh7+ Kb6 
39.Kd3 Rxf2 40.Kc4 Rd1 41.c3 Rf4+ 42.Kb3 Rd8 43.Qf7 e5 44.Qe6+ Kc7 45.Ka2 
g3 46.Qf7+ Rd7 47.Qg8 Rf3 48.Qc4 Kd6 49.Qa6+ Ke7 50.Qc6 g2 51.Qxc5+ Ke8 
52.Qc8+ Ke7 53.Qc5+ Rd6 54.Qc7+ Ke6 55.Qg7 Rd2 56.Qg4+ f5 57.Qg8+ Kf6 58.
Qh8+ Kg5 59.Qxe5 Kg4 60.Qg7+ Kf4 61.Qh6+ Ke4 62.Qc6+ Ke3 63.Kb3 Kf2 64.
Qc5+ Kf1 0-1

[Event "12th EUR-ch"]
[Site "Aix-les-Bains FRA"]
[Date "2011.03.23"]
[Round "2.68"]
[White "Tregubov, Pavel"]
[Black "Delorme, Axel"]
[Result "1-0"]
[WhiteElo "2598"]
[BlackElo "2458"]
[EventDate "2011.03.22"]
[PlyCount "79"]

1.d4 Nf6 2.c4 e6 3.Nf3 d5 4.Nc3 dxc4 5.e4 Bb4 6.Bg5 c5 7.Bxc4 cxd4 8.Nxd4 
Qa5 9.Bd2 Qc5 10.Bb5+ Nbd7 11.Nb3 Qb6 12.O-O Bxc3 13.Bxd7+ Bxd7 14.Bxc3 
Nxe4 15.Bxg7 Rg8 16.Bd4 Qb5 17.Re1 Rxg2+ 18.Kxg2 Qg5+ 19.Kf3 Bc6 20.Rxe4 
Qf5+ 21.Kg3 Qxe4 22.f3 Qg6+ 23.Kf2 Qh5 24.Qe2 Qxh2+ 25.Ke1 Qh4+ 26.Qf2 Qh5
27.Rc1 e5 28.Be3 Qh1+ 29.Qf1 Qh4+ 30.Bf2 Qb4+ 31.Rc3 Bxf3 32.Qd3 e4 33.Qd5
Rd8 34.Qe5+ Qe7 35.Qxe7+ Kxe7 36.Nd2 Bg4 37.Bh4+ f6 38.Nxe4 Rd1+ 39.Kf2 
Rb1 40.Bxf6+ 1-0